Quiz Radiohead - Statistiques

Statistiques générales
  • Ce quiz a été pris 5 fois
  • Le résultat moyen est 7 sur 10
Statistiques - réponses
Hint Réponse % Correct
Le groupe en a gagné 3 (récompense musicale) Grammy Awards
100%
Nom du premier album du groupe, sorti en 1993 Pablo Honey
100%
Chanteur Principal Thom Yorke
100%
Leurs prénoms sont Jonny et Colin : les frères.... ? Greenwood
75%
Nom de l'extension de l'album Ok Computer, sortie en 2017 pour les 20 ans de l'original OKNOTOK
75%
Ville de leur concert de 2017, ayant fait controverse compte tenu de la situation géopolitique et idéologique du pays l'abritant Tel Aviv
75%
Célèbre rappeur américain, qui s'était dit en 2018 s'être inspiré de Radiohead pour son nouvel album...Astroworld ! Travis Scott
75%
Label discographique du groupe EMI Group
50%
Ville britannique où le groupe s'est formé et a fait ses débuts Oxford
25%
Nom du batteur du groupe Phil Selway
25%
Aucun quiz correspondant
Distribution des résultats
% des personnes avec chaque résultat
Percentile par nombre de réponses
Votre historique - résultats
Vous n’avez pas pris ce quiz